000 00872nam a2200241 a 4500
001 000004961
005 20250612105738.0
008 090728s1969 sp ab 000 0 spa d
040 _aDO-SdBNP
_bspa
_cBNPHU
082 _a940.53
_bT755d
100 1 _aTowsend, Peter
_914321
245 1 0 _aDuelo de águilas :
_bRAF contra LUFTWAFFE /
_cPeter Towsend ; traducción Domingo Pruna.
260 _aBarcelona :
_bPlaza & Janes,
_c1969.
300 _a526 p. :
_bil., mapa ;
_c22 cm.
500 _aIncluye referencias bibliográficas y notas al pie de las páginas
504 _aBibliografía: p.507-509
650 4 _aGran bretaña royal air force
_914322
651 4 _aAlemania Luftwaffe
_914323
650 0 _a Guerra Mundial, 1939-1945
_913822
650 4 _aOperaciones aereas
_914325
651 4 _aGran Bretaña
_xBatalla De 1940
_914326
700 1 _aPruna, Domingo,
_etr.
_914327
999 _c4767
_d4767